• 首页
  • 本馆介绍
  • 公告通知
  • 最新文献
  • 馆藏检索
  • 电子资源
  • 读者导购
  • 参考咨询
  • 我的图书馆
  • 登录
  • 详细信息显示
  • 放入我的书架
  • 预约/预借图书
  • 作者相关作品
  • 分类相关作品
  • 丛书相关作品
  • 出版社相关作品

书目信息

  • 表格格式
  • 工作单格式
  • 卡片格式
题名:
蒙古族通史
    
 
作者: ;《蒙古族通史》编写组 编
分册: 上卷  
出版信息: 北京   民族出版社  2000.12
页数: 437页,[8]页图版
开本: 32开
丛书名:
单 册:
中图分类: K311
科图分类:
主题词: 蒙古--历史
电子资源:
ISBN: 7-105-04274-5
000 00621nam0 2200205 45
001 0210140933
005 20031219104058.3
010    @a7-105-04274-5@dCNY24.00
100    @a20021014d2000 km y0chiy0120 ea
101 0  @achi
105    @af z 000yy
200 1  @a蒙古族通史@h上卷@AMeng Gu Zu Tong Shi@f《蒙古族通史》编写组编@F《Meng Gu Zu Tong Shi》Bian Xie Zu Bian
205    @a修订版
210    @a北京@c民族出版社@d2000.12
215    @a437页,[8]页图版@c冠彩图@d32开
606 0  @a蒙古@x历史
690    @aK311@v4
711 02 @a《蒙古族通史》编写组@4编
801    @aCN@bTSTC@c20021014
905    @b315589-591@dK311@e3:1=2@f3
    
    蒙古族通史.上卷/《蒙古族通史》编写组编.-修订版.-北京:民族出版社,2000.12
    437页,[8]页图版:冠彩图;32开
    
    
    ISBN 7-105-04274-5:CNY24.00
    
●
相关链接 在E读中查询图书 在五车中查询图书 在当当中查询图书 在豆瓣中查询图书


正题名:蒙古族通史     索取号:K311/3:1=2         预约/预借

序号 登录号 条形码 馆藏地/架位号 状态 备注
1 0315589   203155897   第二借阅区/ [索取号:K311/3:1=2] 在馆    
2 0315590   203155904   第二借阅区/ [索取号:K311/3:1=2] 在馆    
3 0315591   203155913   第二样本阅览室/ [索取号:K311/3:1=2] 在馆    
唐山师范学院图书馆 欢迎您!
大连网信软件有限公司© 版权所有